000 00927nam a2200277 i 4500
003 DO-SdBNP
005 20231107083218.0
007 ta
008 231107b2021 dr ac||| |||| 00| 0 spa d
020 _a9789945221589
040 _aDO-SdBNP
_bspa
_cBNPHU
_erda
082 4 _222
100 1 _aLluberes, P. Antonio,
_977319
_eautor
245 1 0 _aSan Ignacio de Loyola /
_cP. Antonio Lluberes ; prólogo P. José Victoriano
264 _aSanto Domingo :
_bBúho,
_c2001.
300 _a107 páginas :
_bilustraciones, retratos ;
_c22 cm.
336 _2rdacontent
_atexto
_btxt
337 _2rdamedia
_asin mediación
_bn
338 _2rdacarrier
_avolumen
_bnc
500 _aIncluye datos biográficos del autor en la contracubierta
590 _aInventariado, 2023/BT
600 1 4 _aLoyola, Ignacio de, Santo,
_d1925-2014
_977320
700 _aVictoriano, P. José,
_eprólogo
_984573
910 _aBtavárez
942 _2ddc
_cLBS1
999 _c55404
_d55404